Tác giả trong nhà trường Nguyễn Đình Chiểu

में बचाया:
ग्रंथसूची विवरण
स्वरूप: पुस्तक
भाषा:Undetermined
प्रकाशित: Hà Nội Văn học 2007
विषय:
टैग : टैग जोड़ें
कोई टैग नहीं, इस रिकॉर्ड को टैग करने वाले पहले व्यक्ति बनें!
Thư viện lưu trữ: Trung tâm Học liệu Trường Đại học Cần Thơ
LEADER 00538nam a2200193Ia 4500
001 CTU_128398
008 210402s9999 xx 000 0 und d
020 |c 25000 
082 |a 809 
082 |b T101 
245 0 |a Tác giả trong nhà trường Nguyễn Đình Chiểu 
260 |a Hà Nội 
260 |b Văn học 
260 |c 2007 
650 |a Vietnamese literature 
650 |x History and criticism 
650 |y 19th century 
904 |i Hiếu 
980 |a Trung tâm Học liệu Trường Đại học Cần Thơ